Estadísticas educacionales 1987
Saved in:
| 格式: | 圖書 |
|---|---|
| 語言: | 西班牙语 |
| 出版: |
Santiago
Ministerio de Educación
1987
|
| 主題: | |
| 標簽: |
添加標簽
沒有標簽, 成為第一個標記此記錄!
|
MARC
| LEADER | 00000nam a2200000 a 4500 | ||
|---|---|---|---|
| 001 | UCP6096 | ||
| 003 | CL-VaPUC | ||
| 008 | 991008e19870000CL |||||||||||||||||spa|d | ||
| 082 | 0 | 4 | |a 370.983 |b MIN |2 21 |
| 245 | 1 | 0 | |a Estadísticas educacionales 1987 |
| 300 | |a 116 p | ||
| 942 | |c BK | ||
| 945 | |d 19991008 00:00:00 |a rbrito | ||
| 260 | |a Santiago |b Ministerio de Educación |c 1987 | ||
| 650 | 0 | |a Educación |9 258661 | |
| 650 | 7 | |a ESTADISTICA EDUCATIVA |2 CL-VaPUC |9 307023 | |
| 651 | 7 | |a CHILE |2 CL-VaPUC |9 434931 | |
| 583 | |a last modification |c 19991008 00:00:00 |k Rodrigo Vera | ||
| 999 | |c 283720 |d 283718 | ||
| 952 | |0 0 |1 0 |4 0 |6 370_983000000000000_MIN_1987 |7 0 |8 P |9 327131 |a BIBEDU |b BIBEDU |c BIBEDU_PB |d 2019-11-20 |i 3564398 |o 370.983 MIN 1987 |p 3564398 |r 2024-01-25 |w 2019-11-20 |y BK |k BME | ||